| 000 | 00418nam a2200145Ia 4500 | ||
|---|---|---|---|
| 008 | 151021s9999 xx 000 0 und d | ||
| 050 | _aHF 5437 .M648 2009 | ||
| 245 | _a_Purchasing and supply chain management | ||
| 250 | _a7th ed. | ||
| 260 | _aLondon Pearson Education Ltd 2009 | ||
| 300 | _axix, 709p. : ills. | ||
| 500 | _aincludes index | ||
| 650 | _a_Purchasing | ||
| 980 | _a^d20101216 04:03:45^oTiampati | ||
| 999 |
_c5731 _d5731 |
||